| 000 | 02558nam0a2200481 i 4500 | ||
|---|---|---|---|
| 001 | RU\NLR\BIBL_A\012380358 | ||
| 005 | 20241114180814.0 | ||
| 010 | _a9785915592673 | ||
| 021 |
_aRU _b2020-37445 _9КН-П-2834 |
||
| 035 | _a(RuMoRGB)010367804 | ||
| 035 | _a(NLR Aleph) 012380358 | ||
| 090 |
_a11624126 _c11624126 |
||
| 100 | _a20201019d2020 km y0rusy50 ca | ||
| 101 | 1 |
_arus _ceng |
|
| 102 | _aRU | ||
| 105 | _aa|||z|||001zy | ||
| 181 | 0 |
_ai _baxxe |
|
| 182 | 0 | _an | |
| 200 | 1 |
_aФизико-химическая гидродинамика пористых сред _eс приложениями к геонаукам и нефтяной инженерии _e[учебное пособие] _fМихаил Панфилов _gперевод с английского автора |
|
| 203 |
_aТекст _bвизуальный _cнепосредственный |
||
| 210 |
_aДолгопрудный _cИнтеллект _d2020 |
||
| 215 |
_a458 с. _cил., табл. _d21 |
||
| 300 | _aНа 4-й с. обл. авт.: Панфилов М. Б. - проф., Лауреат гос. премии РФ в обл. науки | ||
| 313 | _aподземное выщелачивание, повышение нефтеотдачи, подземное хранение газов | ||
| 320 | _aБиблиогр.: с. 443-452 (148 назв.) | ||
| 320 | _aПредм. указ.: с. 453-458 | ||
| 606 |
_aХимическая термодинамика _jУчебные издания _91264206 _3RU\NLR\AUTH\66201862 |
||
| 606 |
_aВыщелачивание подземное _jУчебные издания _91315122 _3RU\NLR\AUTH\66229578 |
||
| 606 | 1 |
_aНефтяные пласты _jУчебные издания _xНефтеотдача _xПовышение _91721626 _3RU\NLR\AUTH\66768303 |
|
| 606 | 1 |
_aУглекислый газ _jУчебные издания _xХранение подземное _92455595 _3RU\NLR\AUTH\6601677141 |
|
| 606 | 1 |
_aВодород _jУчебные издания _xХранение подземное _91389544 _3RU\NLR\AUTH\66270651 |
|
| 606 |
_aПористые среды _jУчебные издания _xПереноса явления _92140058 _3RU\NLR\AUTH\661594467 |
||
| 686 | 1 | _aГ531я7 | |
| 686 | 1 | _aГ58я7 | |
| 686 | 1 | _aИ330.42я7 | |
| 686 | 1 | _aИ361.7я7 | |
| 686 | 1 | _aЛ26я7 | |
| 700 | 1 |
_aПанфилов _bМ. Б. _gМихаил Борисович |
|
| 942 | _cBOOK | ||
| 980 | _aNBR | ||